000 01374cam a2200397 i 4500
999 _c10577
_d10577
001 18320100
003 GZU
005 20220609102125.0
008 140926s2015 enk b 001 0 eng
010 _a 2014038112
020 _a9780415835176 (hbk)
020 _a0415835178 (hbk)
020 _z9781315720296 (ebook)
035 _a(DNLM)101642259
040 _aDNLM/DLC
_cDLC
_erda
_dDLC
042 _apcc
050 0 0 _aRC504
_b.SPI 2015
100 1 _aSpillius, Elizabeth Bott,
_d1924-2016,
_eauthor.
240 1 0 _aWorks.
_kSelections
245 1 0 _aJourneys in psychoanalysis :
_bthe selected works of Elizabeth Spillius /
_cElizabeth Spillius.
264 1 _aHove, East Sussex ;
_aNew York, NY :
_bRoutledge,
_c2015.
300 _a186 pages ;
_c24 cm.
336 _atext
_2rdacontent
337 _aunmediated
_2rdamedia
338 _avolume
_2rdacarrier
490 1 _aWorld library of mental health series
504 _aIncludes bibliographical references and index.
600 1 2 _aKlein, Melanie.
650 0 _aPsychoanalysis.
650 1 2 _aPsychoanalysis
_vCollected Works.
650 1 2 _aPsychoanalytic Theory
_vCollected Works.
830 0 _aWorld library of mental health series.
906 _a7
_bcbc
_corignew
_d1
_eecip
_f20
_gy-gencatlg
942 _2lcc
_cBK
_h504
_iSPI
_kRC